000 00771aam a2200277 4500
005 20161018144500.0
008 150320b xxu||||| |||| 00| 0 spa d
041 _aspa
082 _a1.4.17 P438p
100 _aPérez Oreja, Nuria
_927425
100 _aMayor Rivas, Gustavo
_927426
100 _aNavarro Tomas, Víctor José
_927427
245 _aProcesos de pastelería y panadería
260 _aEspaña
_bThomson Paraninfo
_c2001
300 _a192 páginas
650 _aRECETAS DE COCINA
_91731
650 _aREPOSTERIA
_921901
650 _aMATERIAS PRIMAS
_93045
650 _aPAN
_927428
650 _aDECORACION
_95237
650 _aPASTELERIA
_925382
650 _aMASAS
_927429
650 _aDECORACION
_95237
650 _aPOSTRES
_91710
942 _cBK
999 _c4080
_d4080